Stratégia a finančná stratégia podniku s ohľadom na pôsobnosť stakeholders
Finančná stratégia ako súčasť funkčných stratégií. Stratégia a zmena. Stratégia adaptácie. Pojem stakeholders. Formulácia cieľov finančnej stratégie.
Gespeichert in:
| 1. Verfasser: | |
|---|---|
| Format: | Buchkapitel |
| Sprache: | Slowakisch |
| Schlagworte: | |
| Tags: |
Keine Tags, Fügen Sie das erste Tag hinzu!
|
MARC
| LEADER | 00000nla$a2200000$$$4500 | ||
|---|---|---|---|
| 001 | 0103498 | ||
| 005 | 20240502072127.2 | ||
| 041 | 0 | |a slo | |
| 044 | |a SK | ||
| 245 | 1 | 0 | |a Stratégia a finančná stratégia podniku s ohľadom na pôsobnosť stakeholders |c Magdaléna Kubranová |
| 520 | |a Finančná stratégia ako súčasť funkčných stratégií. Stratégia a zmena. Stratégia adaptácie. Pojem stakeholders. Formulácia cieľov finančnej stratégie. | ||
| 610 | 2 | 0 | |a stratégia podniková |
| 610 | 2 | 0 | |a manažment strategický |
| 610 | 2 | 0 | |a zámery podnikateľské |
| 610 | 2 | 0 | |a procesy rozhodovacie |
| 610 | 2 | 0 | |a efektívnosť ekonomická |
| 610 | 2 | 0 | |a skupiny záujmové |
| 100 | 1 | |a Kubranová, Magdaléna, 1956- | |